00608 2200193 4500001002100000005001500021035002000036007000300056008003900059082000800098084001700106100002000123245012000143260004500263300003000308600001700338856004300355990001600398INLIS00000000000163220210304121127 a0010-0221000208ta210304 | | |  a415 aR 415 MUH t0 aMuh. Rafly Sufi1 aTindak Tutur Bahasa Ekspresif pada Generasi Milenial Pengguna Game Online (Pendekatan Pragmatik) /cMuh. Rafly Sufi aMaros :bUniversitas Muslim Maros,c2020 a79 hlm :bIlus ;c28.5 cm 4aTutur Bahasa aPendidikan Bahasa dan Sastra Indonesia a00000002230